000 00428pab a2200145 454500
008 180718b1998 xxu||||| |||| 00| 0 eng d
100 _aRich, Wilbur C.
245 _aSpontaneous talk linguistic capital and diversity: communication in knowledge based organizations
260 _c1998
300 _ap.315-29
362 _aJun
650 _aCommunication organizations
773 _aAdministration and Society
909 _a38753
999 _c38753
_d38753